Statistics for Mystery Category #2

Click here to take the quiz!

General Stats

  • This quiz has been taken 217 times
    (210 since last reset)
  • The average score is 10 of 11

Answer Stats

Lose a Letter, UnscrambleNew Word% Correct
GIFTFIG
98%
PEARLPEAR
97%
CLUMPPLUM
97%
APPEALAPPLE
94%
TAXEDDATE
93%
Mystery CategoryFRUIT
90%
SOLEMNLEMON
90%
ARCHERYCHERRY
89%
CHAPELPEACH
83%
GROANEDORANGE
76%
TROPICALAPRICOT
57%

Score Distribution

Percentile by Number Answered

Percent of People with Each Score

Your Score History

You have not taken this quiz since the last reset